00254nam a22001097a 4500020001500000082001000015100002700025245003100052250002200083260003000105300000900135 a8131706168 a070.4 aAlfred Lowrence Lorenz aNews writing and reporting alow price edition aNew delhibPearsonc1996. a640p